Sprachen - 10 größte slawische Sprachen - Statistiken

Allgemein
  • Dieses Quiz wurde 280 mal gespielt
  • Das Durchschnittsergebnis liegt bei 9 aus 10
Antwortstatistiken
# Sprache % Korrekt
160 mil. Russisch
97%
11,1 mil. Serbisch
94%
6,2 mil. Kroatisch
91%
42,7 mil. Polnisch
91%
39,5 mil. Ukrainisch
91%
5 mil. Slowakisch
86%
11,5 mil. Tschechisch
86%
9 mill Bulgarisch
85%
4 mil. Bosnisch
81%
9 mil. Weißrussisch
67%
Keine übereinstimmenden Quizze gefunden
Verteilung der Resultate
Anzahl Personen mit jedem Resultat
Perzentil nach korrekt beantworteten Fragen
Ihre Resultats-Entwicklung
Sie haben dieses Quiz noch nicht gespielt